Τουριστική ανάπτυξη μέσω της αναβάθμισης της ποιότητας του περιβάλλοντος : η περίπτωση της Κέρκυρας : πτυχιακή εργασία
Αποθηκεύτηκε σε:
| Κύριος συγγραφέας: | |
|---|---|
| Συγγραφή απο Οργανισμό/Αρχή: | |
| Μορφή: | Thesis Βιβλίο |
| Γλώσσα: | Greek |
| Δημοσίευση: |
1996.
|
| Θέματα: | |
| Διαθέσιμο Online: | http://hdl.handle.net/11610/9980 |
| Ετικέτες: |
Προσθήκη ετικέτας
Δεν υπάρχουν, Καταχωρήστε ετικέτα πρώτοι!
|
MARC
| LEADER | 00000cam a2200000 i 4500 | ||
|---|---|---|---|
| 001 | 1/5784 | ||
| 008 | 000608s1996 gr | ||| |||| ||gre|| | ||
| 035 | |l 10061707 | ||
| 040 | |a GR-MyUa |b gre |e AACR2 | ||
| 041 | 0 | |a gre | |
| 082 | 7 | |a 338.4791 |2 (22) | |
| 100 | 1 | |a Μπιλιμπάση, Λίντα. | |
| 245 | 1 | 0 | |a Τουριστική ανάπτυξη μέσω της αναβάθμισης της ποιότητας του περιβάλλοντος : |b η περίπτωση της Κέρκυρας : πτυχιακή εργασία / |c Λίντα Μπιλιμπάση ; υπεύθυνος καθηγητής: Χ. Κοκκώσης. |
| 260 | |c 1996. | ||
| 300 | |a 93 σ. : |b πίν., χάρτ. ; |c 30 εκ. | ||
| 500 | |a Επιτροπή: Χ. Κοκκώσης, Ι. Χατζόπουλος, Φ. Ακριώτης. | ||
| 502 | |a Πτυχιακή εργασία – Πανεπιστήμιο Αιγαίου, Λέσβος, 1996. | ||
| 500 | |a Περιέχει παράρτημα. | ||
| 504 | |a Περιλαμβάνει βιβλιογραφία. | ||
| 650 | 0 | |a Tourism |x Environmental aspects |z Greece |z Corfu Island. | |
| 650 | 0 | |a Dissertations, Academic |z Greece. | |
| 650 | 0 | |a Tourism |z Greece |z Corfu Island. | |
| 700 | 1 | |a Κοκκώσης, Χαράλαμπος, |e dgs | |
| 710 | 2 | |a Πανεπιστήμιο Αιγαίου. |b Σχολή Περιβάλλοντος. |b Τμήμα Περιβάλλοντος. | |
| 852 | |a INST |b LESVOS |c DIATR |e 20000918 |h 319 |p 005100027454 |q 005100027454 |t DIE |y 23 | ||
| 852 | |a INST |b LESVOS |c DIATR |e 20000608 |h 320 |p 005100026036 |q 005100026036 |t DIE |y 23 | ||
| 856 | |u http://hdl.handle.net/11610/9980 | ||
| 901 | |a BIBL1-2000-2 | ||
| 924 | |a ΜΠΙΛΙΜΠΑΣΗ |b ΛΙΝΤΑ |y Λέσβος |z 1996-08 | ||
| 970 | |a ΑΙΒΑΤΖΙΔΟΥ |b ΕΛΕΝΗ |z 2000/06/08 | ||